| 000 | 00800nam a2200253 i 4500 | ||
|---|---|---|---|
| 001 | C2-0235356 | ||
| 003 | PPAK | ||
| 005 | 20180727195450.0 | ||
| 008 | 010904s1999 enka|||| ||||| | eng d | ||
| 020 | _a0340728558 | ||
| 040 |
_aPPAK _beng _cPPAK _erda |
||
| 082 | 0 | 4 |
_a796.334092 _223 |
| 090 | 0 | 0 |
_a796.334092 _bFER _dR |
| 100 | 1 |
_aFerguson, Alex, _eauthor |
|
| 245 | 1 | 0 |
_aManaging my life : _bmy autobiography |
| 264 | 1 |
_aLondon : _bHodder and Stoughton , _c1999 |
|
| 300 |
_axvi, 477 pages : _bcolour illustrations ; _c25 cm |
||
| 336 |
_2rdacontent _atext |
||
| 337 |
_2rdamedia _aunmediated |
||
| 338 |
_2rdacarrier _avolume |
||
| 650 | 1 | 0 | _aSoccer managers - England - Manchester - Biography ; Soccer managers - Scotland - Biography ; Ferguson, Alex |
| 700 | _eauthor | ||
| 942 |
_ddc _cB |
||
| 999 |
_c51373 _d51373 |
||